000
00277nam a2200109 a 4500
008
111003s1986|||| d
245
1
0
_a
Krajiny sveta
_b
Politicko - ekonomická príručka
260
_b
Pravda
_a
Bratislava
_c
1986
020
_c
95
041
_a
slo
044
_a
xo
_c
SK
999
_c
19801
_d
19801